000 00610nam a2200193Ia 4500
005 20250326141401.0
008 250326s9999 xx 000 0 und d
020 _a0-07-136342-4
037 _aTextbook
040 _aFMSL
_beng
_cFMSL
041 _aeng
_2eng
084 _aX:8Nob(D65) P1
_qFMSL
100 _aMiddleberg D
_9744323
245 0 _aWinning PR in the wired world: powerful communications strategies for the noisy digital space
_cMiddleberg D
260 _aNew York
_bNew York, McGraw-Hill
_c2001
300 _a235p
942 _cTB
_hX:8Nob(D65) P1
999 _c1290047
_d1290047